000 00641nam a2200205Ii 4500
003 JO-AjNU
008 230605s9999||||xx |||||||||||||| ||und||
017 _a734
040 _aJO-AjNU
_bara
_erda
_cJO-AjNU
041 _aara
050 1 4 _aQP31.2.W6512
100 3 _aالحبيب ، عمر عبدالمجيد,
_eauthor
_99090
245 0 0 _aمبادئ علم الفسلجة الحيوان
264 3 1 _aبغداد:جامعة الموصل ، 1900
300 _a414ص
336 _atext
_btxt
_2rdacontent
337 _aunmediated
_bn
_2rdamedia
338 _avolume
_bnc
_2rdacarrier
650 4 _aالحيوانات-فسيولوجيا
_99091
999 _aA1121
_c4689
_d4689